Statistics for Top 50 British Universitys

Click here to take the quiz!

General Stats

  • This quiz has been taken 395 times
    (378 since last reset)
  • The average score is 22 of 50

Answer Stats

Answer% Correct
Oxford
98%
Cambridge
97%
Manchester
89%
Edinburgh
82%
Glasgow
79%
Liverpool
79%
Birmingham
78%
Cardiff
77%
Bristol
75%
Newcastle
75%
Leeds
74%
Durham
71%
Nottingham
65%
York
65%
Exeter
61%
Southampton
61%
Sheffield
60%
Bath
58%
St.Andrews
58%
Aberdeen
56%
Warwick
56%
Leicester
53%
London School Of Economics
53%
University College London
47%
East Anglia
42%
Lancaster
42%
Reading
38%
Sussex
38%
Kent
37%
Surrey
35%
Loughborough
34%
Dundee
33%
Coventry
31%
Essex
31%
Kings College London
30%
Aston
17%
Keele
16%
Stirling
15%
City
12%
Strathclyde
11%
Queens Belfast
9%
Heriot-Watt
8%
Swansee
4%
Imperial College Of London
2%
Queen Mary University Of London
2%
Brunel University Of London
1%
Goldsmiths University Of London
0%
Royal Holloway Univeristy Of London
0%
SOAS University Of London
0%
St.Georges Of London
0%

Score Distribution

Percentile by Number Answered

Percent of People with Each Score

Your Score History

You have not taken this quiz since the last reset